RESEPI KE PUNCAK KEJAYAAN : (Record no. 5014)

000 -LEADER
fixed length control field 00805nam a2200217 a 4500
005 - DATE AND TIME OF LATEST TRANSACTION
control field 20241203100704.0
008 - FIXED-LENGTH DATA ELEMENTS--GENERAL INFORMATION
fixed length control field 241203t 2024my ||||| |||| 00| 0 may d
020 ## - INTERNATIONAL STANDARD BOOK NUMBER
International Standard Book Number 9786299507703
040 ## - CATALOGING SOURCE
Original cataloging agency AKMAL
082 ## - DEWEY DECIMAL CLASSIFICATION NUMBER
Classification number 297.57 ARA
090 00 - LOCALLY ASSIGNED LC-TYPE CALL NUMBER (OCLC); LOCAL CALL NUMBER (RLIN)
Classification number (OCLC) (R) ; Classification number, CALL (RLIN) (NR) 297.57
Local cutter number (OCLC) ; Book number/undivided call number, CALL (RLIN) ARA
100 0# - MAIN ENTRY--PERSONAL NAME
Personal name Abd. Rahman Abd. Hamid,
9 (RLIN) 9572
245 10 - TITLE STATEMENT
Title RESEPI KE PUNCAK KEJAYAAN :
Remainder of title KUALITI DIRI.KUALITI GERAK KERJA.KUALITI PENGURUSAN MASA /
Statement of responsibility, etc. ABD RAHMAN ABD HAMID
264 #1 - PRODUCTION, PUBLICATION, DISTRIBUTION, MANUFACTURE, AND COPYRIGHT NOTICE
Place of production, publication, distribution, manufacture Seremban, Negeri Sembilan :
Name of producer, publisher, distributor, manufacturer Abd Rahman Bin Abd Hamid,
Date of production, publication, distribution, manufacture, or copyright notice 2024
300 ## - PHYSICAL DESCRIPTION
Extent xiv, 226ms.
Other physical details col. ill;
Dimensions 21cm
650 10 - SUBJECT ADDED ENTRY--TOPICAL TERM
Topical term or geographic name entry element Motivation (Psychology)
General subdivision Religious aspects
-- Islam
9 (RLIN) 9310
650 20 - SUBJECT ADDED ENTRY--TOPICAL TERM
Topical term or geographic name entry element Self-actualization (Psychology)
General subdivision Religious aspects
-- Islam
9 (RLIN) 1368
650 20 - SUBJECT ADDED ENTRY--TOPICAL TERM
Topical term or geographic name entry element Success
General subdivision Psychology aspects
9 (RLIN) 9573
650 20 - SUBJECT ADDED ENTRY--TOPICAL TERM
Topical term or geographic name entry element Muslims
General subdivision Conduct of life
942 ## - ADDED ENTRY ELEMENTS (KOHA)
Source of classification or shelving scheme
Koha item type Book
Holdings
Withdrawn status Lost status Source of classification or shelving scheme Damaged status Not for loan Collection code Home library Current library Shelving location Date acquired Source of acquisition Inventory number Full call number Barcode Date last seen Price effective from Koha item type Total Checkouts
          NON-FICTION AKMAL Melaka AKMAL Melaka PINJAMAN 03.12.2024 Sumbangan 000347 297.57 ARA 201708272 03.12.2024 03.12.2024 Book  
          NON-FICTION AKMAL Melaka AKMAL Melaka PINJAMAN 08.10.2025 Sumbangan   297.57 ARA 201708299 08.10.2025 08.10.2025 Book  
Pusat Sumber Maklumat Dato' Haji Sarmin Md Hussin, Akademi Kastam Diraja Malaysia, Melaka
Tel: 06-2331106 | Faks: 06-2313787